00330nam a2200109Ia 4500008004100000082000800041100001400049245004100063942000600104952009500110999001500205240331s9999 xx 000 0 und d bKAM aKamrava,M 0aCultural politics in the third world cL 001040708LaWERCLbWERCLcSSCd2024-03-31l0o 320 KAMp1219r2024-03-31w2024-03-31yL c2560d2560